000 00335nam a2200133Ia 4500
008 191201s1996 xx 000 0 und d
082 _a658
_bDEM
100 _aDESHPANDE, S P
245 0 _aModern Management Accounting
260 _aN.Delhi
_bNew Age International Pub
_c1996
300 _a166
650 _aB.Tech(TE)
942 _2ddc
_cBK
999 _c2251
_d2251